00318pab a2200121 454500008004000000100001600040245005400056260000900110300001200119362001000131650002100141773003400162180718b2003 xxu||||| |||| 00| 0 eng d aVivek Kumar aDalit movement and dalit international conference c2003 ap.2799. a5 Jul aBackward classes aEconomic and Political Weekly